|
|
|
|
| LEADER |
00000cam a2200000 7i4500 |
| 001 |
0000000968 |
| 005 |
20030603.0 |
| 020 |
|
|
|a 0835954692
|
| 040 |
|
|
|a INS
|
| 090 |
0 |
0 |
|a HD1382.
|b D36 1982
|
| 100 |
1 |
|
|a Danks, Lawrence J.
|
| 245 |
1 |
0 |
|a Passing the real estate salesperson's examination
|c Lawrence J. Danks
|
| 260 |
|
|
|a Reston,Va :
|b Reston ,
|c c1982
|
| 300 |
|
|
|a x, 390p. ;
|c 28 cm.
|
| 650 |
0 |
0 |
|a Real estate agents
|x Licences
|x Examinations
|x Questions etc
|
| 650 |
0 |
0 |
|a Real estate business
|x Licences
|x Examinations
|x Question etc.
|
| 999 |
|
|
|a 0000001095
|b BOOK
|c Open Shelf
|e Default branch
|